000 01054cam a2200313 a 4500
001 1104871
003 LC
005 20160308154451.0
008 930216s1993 nyu 000 1 eng
010 _a 93000555
020 _a04490300599
040 _aDLC
_cDLC
_dOCoLC
_dDLC
043 _an-us-ny
050 0 0 _aPS 3563.A364
_b.M216 1993
082 0 0 _aFIC
_bM27d 1993
100 1 _aMahoney, Dan.
_919651
245 1 0 _aDetective first grade /
_cDan Mahoney.
250 _a1st ed.
260 _aNew York :
_bSt. Martin's Press,
_c1993.
300 _a375 p. ;
_c24 cm.
650 0 _aMcKenna, Brian (Fictitious character)
_vFiction.
_919652
650 0 _aPolice
_zNew York (State)
_zNew York
_vFiction.
_919653
651 0 _aNew York (N.Y.)
_vFiction.
_919654
655 7 _aDetective and mystery stories.
_2gsafd
_93472
906 _a7
_bcbc
_corignew
_d1
_eocip
_f19
_gy-gencatlg
942 _2lcc
_cBK
999 _c11275
_d11275